00473nam a2200169Ia 450000500170000000800410001702000180005804100080007608200210008410000160010524500670012126000300018830000080021850000110022665000350023765000310027220260514122847.0260514s9999 xx 000 0 und d a9780062946454 aeng a646.72 CAM B2268 aCampo Riku  aI Am Beauty:Timeless Skincare And Beauty For Women 40 And Over bHarper OneaSanfranscisco a226 aBeauty acosmetology and beauty therapy aPersonal care and grooming